[Event "GM-Turnier"]
[Site "Berlin"]
[Date "2009.07.07"]
[Round "5.2"]
[White "Stern, Rene"]
[Black "Erdoes, Viktor"]
[Result "1/2-1/2"]
[WhiteElo "2498"]
[BlackElo "2565"]
[PlyCount "43"]
[EventDate "2009.07.??"]

1. d4 {1:25:18} 1... e6 {1:30:24} 2. c4 {1:25:32} 2... d5 {1:30:49} 3. Nc3 {
1:25:31} 3... c6 {1:30:59} 4. e3 {1:24:37} 4... Nf6 {1:31:19} 5. b3 {1:27:18}
5... Nbd7 {1:27:18} 6. Bb2 {1:27:42} 6... Bd6 {1:27:42} 7. Nf3 {1:19:04} 7...
Ne4 {1:20:46} 8. Bd3 {0:49:18} 8... f5 {1:20:26} 9. O-O {0:49:16} 9... Qf6 {
1:18:49} 10. Ne2 {0:37:07} 10... O-O {1:12:46} 11. a4 {0:28:15} 11... a5 {
1:05:14} 12. Ba3 {0:27:24} 12... Bxa3 {1:05:17} 13. Rxa3 {0:27:50} 13... b6 {
1:03:37} 14. Ra2 {0:26:47} 14... Bb7 {1:02:04} 15. Rc2 {0:27:11} 15... Rad8 {
1:00:30} 16. Qa1 {0:22:11} 16... Qe7 {0:59:29} 17. Rfc1 {0:21:27} 17... Kh8 {
0:52:47} 18. Rd1 {0:20:17} 18... Ba8 {0:43:56} 19. Rcc1 {0:18:40} 19... Bb7 {
0:43:28} 20. Rc2 {0:19:03} 20... Ba8 {0:43:53} 21. Rcc1 {0:19:28} 21... Bb7 {
0:44:14} 22. Rc2 1/2-1/2

[Event "GM-Turnier"]
[Site "Berlin"]
[Date "2009.07.07"]
[Round "5.3"]
[White "Agopov, Mikael"]
[Black "Jemelin, Wassili"]
[Result "0-1"]
[WhiteElo "2442"]
[BlackElo "2588"]
[PlyCount "56"]
[EventDate "2009.07.??"]

1. e4 {1:28:01} 1... c5 {1:30:18} 2. Nf3 {1:28:15} 2... Nc6 {1:30:03} 3. d4 {
1:28:38} 3... cxd4 {1:30:29} 4. Nxd4 {1:29:05} 4... Qb6 {1:30:43} 5. Nb3 {
1:29:21} 5... Nf6 {1:30:53} 6. Nc3 {1:29:45} 6... e6 {1:31:17} 7. Bd3 {1:26:54}
7... d6 {1:30:01} 8. O-O {1:25:45} 8... Qc7 {1:28:33} 9. f4 {1:25:57} 9... a6 {
1:28:54} 10. Qf3 {1:23:34} 10... b5 {1:15:29} 11. a3 {0:50:12} 11... Bb7 {
1:03:12} 12. Bd2 {0:50:25} 12... g6 {1:02:06} 13. Kh1 {0:32:49} 13... Bg7 {
0:49:29} 14. a4 {0:30:59} 14... b4 {0:38:52} 15. Ne2 {0:31:09} 15... O-O {
0:36:57} 16. Ned4 {0:28:37} 16... Nxd4 {0:29:50} 17. Nxd4 {0:29:01} 17... Nd7 {
0:24:31} 18. Qf2 {0:27:39} 18... Nc5 {0:10:27} 19. f5 {0:25:38} 19... Nxe4 {
0:08:55} 20. Bxe4 {0:25:47} 20... Bxe4 {0:09:22} 21. f6 {0:25:22} 21... Bh8 {
0:09:49} 22. Bxb4 {0:18:47} 22... e5 {0:09:22} 23. Nf3 {0:17:52} 23... Bxf6 {
0:08:45} 24. c3 {0:10:23} 24... Bb7 {0:05:46} 25. Qd2 {0:08:47} 25... Rad8 {
0:05:24} 26. Rad1 {0:08:01} 26... Be7 {0:05:24} 27. Qh6 {0:07:56} 27... a5 {
0:05:14} 28. Ba3 {0:08:01} 28... f6 {0:05:35} 0-1

[Event "GM-Turnier"]
[Site "Berlin"]
[Date "2009.07.07"]
[Round "5.4"]
[White "Lundin, Jan"]
[Black "Paehtz, Elisabeth"]
[Result "1/2-1/2"]
[WhiteElo "2382"]
[BlackElo "2474"]
[PlyCount "87"]
[EventDate "2009.07.??"]

1. c4 {1:29:16} 1... Nf6 {1:29:21} 2. Nc3 {1:29:15} 2... g6 {1:29:04} 3. g3 {
1:28:35} 3... d5 {1:26:24} 4. cxd5 {1:27:43} 4... Nxd5 {1:26:43} 5. Bg2 {
1:27:51} 5... Nb6 {1:27:01} 6. d4 {1:24:22} 6... Bg7 {1:27:07} 7. Nf3 {1:24:29}
7... Nc6 {1:26:16} 8. O-O {1:18:41} 8... O-O {1:26:40} 9. d5 {1:12:56} 9... Na5
{1:24:55} 10. e4 {1:09:59} 10... Nac4 {1:14:35} 11. Qe2 {1:07:45} 11... e5 {
1:11:50} 12. a4 {1:04:12} 12... Nd6 {1:11:21} 13. Nb5 {0:57:40} 13... Bd7 {
1:05:22} 14. Nxd6 {0:49:47} 14... cxd6 {1:02:39} 15. b3 {0:49:58} 15... Qe7 {
0:51:49} 16. Be3 {0:41:19} 16... f5 {0:37:45} 17. Rac1 {0:40:36} 17... Rac8 {
0:31:06} 18. Nd2 {0:33:49} 18... Rxc1 {0:31:31} 19. Rxc1 {0:34:02} 19... Rc8 {
0:31:58} 20. Rxc8+ {0:25:32} 20... Nxc8 {0:32:25} 21. Qc4 {0:25:44} 21... Qd8 {
0:32:39} 22. Qb4 {0:25:03} 22... Qc7 {0:31:40} 23. Nc4 {0:25:16} 23... Bf8 {
0:23:26} 24. exf5 {0:21:33} 24... gxf5 {0:21:43} 25. Na5 {0:21:21} 25... Nb6 {
0:19:36} 26. Bxb6 {0:17:38} 26... Qc1+ {0:08:43} 27. Bf1 {0:17:58} 27... axb6 {
0:09:08} 28. Qc4 {0:15:21} 28... Qxc4 {0:03:33} 29. Nxc4 {0:15:39} 29... b5 {
0:04:02} 30. axb5 {0:15:02} 30... Bxb5 {0:04:14} 31. Na5 {0:13:41} 31... b6 {
0:04:20} 32. Nc6 {0:13:00} 32... Bxf1 {0:04:44} 33. Kxf1 {0:13:24} 33... Kf7 {
0:02:37} 34. Ke2 {0:04:27} 34... e4 {0:03:01} 35. f3 {0:03:23} 35... exf3+ {
0:01:52} 36. Kxf3 {0:03:46} 36... Bg7 {0:02:12} 37. Kf4 {0:03:42} 37... Kf6 {
0:01:57} 38. Ke3 {0:02:53} 38... Bh6+ {0:02:07} 39. Kd3 {0:03:10} 39... f4 {
0:02:20} 40. Ke4 {0:01:49} 40... fxg3 {0:02:28} 41. hxg3 {0:02:15} 41... Bd2 {
0:00:41} 42. Nd4 {0:24:25} 42... Bc3 {0:23:18} 43. Nf3 {0:18:25} 43... h5 {
0:22:05} 44. Kf4 {0:12:30} 1/2-1/2

[Event "GM-Turnier"]
[Site "Berlin"]
[Date "2009.07.07"]
[Round "5.5"]
[White "Rabiega, Robert"]
[Black "Kurmann, Oliver"]
[Result "0-1"]
[WhiteElo "2551"]
[BlackElo "2420"]
[PlyCount "96"]
[EventDate "2009.07.??"]

1. e4 {1:30:25} 1... e6 {1:29:56} 2. d4 {1:28:31} 2... d5 {1:30:13} 3. Nc3 {
1:28:47} 3... Nf6 {1:30:28} 4. Bg5 {1:25:47} 4... Bb4 {1:26:09} 5. e5 {1:25:57}
5... h6 {1:26:31} 6. Bd2 {1:26:08} 6... Bxc3 {1:26:52} 7. bxc3 {1:26:33} 7...
Ne4 {1:27:10} 8. Qg4 {1:26:52} 8... g6 {1:27:06} 9. Qf4 {1:27:12} 9... c5 {
1:25:56} 10. Bd3 {1:26:48} 10... Bd7 {1:25:27} 11. Nf3 {1:24:04} 11... Bc6 {
1:24:35} 12. dxc5 {1:21:01} 12... Nd7 {1:16:02} 13. Bxe4 {1:09:15} 13... dxe4 {
1:16:25} 14. Nd4 {1:09:25} 14... Qc7 {1:06:47} 15. Nxc6 {0:40:49} 15... Qxc6 {
1:06:53} 16. O-O {0:24:31} 16... g5 {1:01:48} 17. Qg3 {0:23:35} 17... Qxc5 {
0:30:54} 18. Rae1 {0:23:22} 18... Qxe5 {0:28:57} 19. f4 {0:22:33} 19... Qd5 {
0:24:52} 20. Be3 {0:21:26} 20... Rg8 {0:10:31} 21. Rd1 {0:17:23} 21... Qc6 {
0:11:00} 22. fxg5 {0:14:57} 22... hxg5 {0:10:32} 23. Rd6 {0:10:48} 23... Qb5 {
0:10:56} 24. Qf2 {0:06:19} 24... O-O-O {0:06:15} 25. Bxa7 {0:05:32} 25... Ne5 {
0:06:24} 26. Rxd8+ {0:05:36} 26... Rxd8 {0:06:34} 27. Bd4 {0:05:35} 27... f5 {
0:06:18} 28. a4 {0:04:55} 28... Qd5 {0:06:42} 29. Rb1 {0:03:48} 29... Nc6 {
0:06:16} 30. Bf6 {0:03:24} 30... Qd1+ {0:04:28} 31. Qf1 {0:03:47} 31... Qxf1+ {
0:04:53} 32. Rxf1 {0:03:49} 32... Rg8 {0:05:19} 33. Rd1 {0:04:10} 33... Rg6 {
0:03:24} 34. Bd4 {0:04:36} 34... Kc7 {0:03:34} 35. Rb1 {0:01:17} 35... e5 {
0:00:46} 36. Bb6+ {0:01:44} 36... Kd6 {0:00:47} 37. Rd1+ {0:02:02} 37... Ke6 {
0:01:08} 38. Bc5 {0:01:14} 38... f4 {0:00:12} 39. Kf2 {0:01:40} 39... Rg7 {
0:00:17} 40. Rd6+ {0:01:21} 40... Kf5 {0:00:42} 41. h3 {0:01:30} 41... g4 {
0:24:05} 42. hxg4+ {0:31:40} 42... Kxg4 {0:23:03} 43. Bb6 {0:29:20} 43... e3+ {
0:22:44} 44. Kf1 {0:27:11} 44... Ne7 {0:09:32} 45. Re6 {0:26:54} 45... Nf5 {
0:04:25} 46. Rxe5 {0:23:15} 46... Ng3+ {0:04:50} 47. Ke1 {0:23:36} 47... Rh7 {
0:05:12} 48. Bxe3 {0:22:57} 48... fxe3 {0:04:26} 0-1

[Event "GM-Turnier"]
[Site "Berlin"]
[Date "2009.07.07"]
[Round "5.6"]
[White "Figura, Atila Gajo"]
[Black "Tischbierek, Raj"]
[Result "0-1"]
[WhiteElo "2436"]
[BlackElo "2447"]
[PlyCount "108"]
[EventDate "2009.07.??"]

1. d4 {1:28:28} 1... Nf6 {1:28:28} 2. c4 {1:30:51} 2... e6 {1:28:49} 3. Nf3 {
1:31:08} 3... d5 {1:29:15} 4. g3 {1:31:31} 4... Be7 {1:28:08} 5. Bg2 {1:31:55}
5... O-O {1:28:32} 6. O-O {1:32:21} 6... dxc4 {1:28:59} 7. Qc2 {1:32:42} 7...
a6 {1:28:57} 8. Qxc4 {1:33:05} 8... b5 {1:29:00} 9. Qc2 {1:33:29} 9... Bb7 {
1:29:27} 10. Bd2 {1:33:52} 10... h6 {1:29:24} 11. Rc1 {1:28:22} 11... Bd6 {
1:29:14} 12. a3 {1:14:58} 12... Re8 {1:29:33} 13. b4 {1:00:45} 13... Nbd7 {
1:27:08} 14. Nc3 {0:59:07} 14... Qb8 {1:18:08} 15. e4 {0:35:15} 15... e5 {
1:16:39} 16. d5 {0:35:40} 16... c6 {1:11:15} 17. dxc6 {0:36:04} 17... Bxc6 {
1:11:41} 18. Nh4 {0:36:28} 18... Bf8 {0:38:59} 19. Nf5 {0:34:06} 19... Nb6 {
0:29:36} 20. Ne3 {0:27:38} 20... Ra7 {0:26:02} 21. Ncd5 {0:17:20} 21... Bxd5 {
0:25:25} 22. Nxd5 {0:17:18} 22... Nbxd5 {0:22:49} 23. exd5 {0:17:35} 23... Rd7
{0:23:12} 24. Qf5 {0:16:14} 24... e4 {0:16:39} 25. Bf4 {0:14:48} 25... Qb7 {
0:14:47} 26. d6 {0:09:50} 26... Bxd6 {0:12:48} 27. Bxd6 {0:10:15} 27... Rxd6 {
0:13:12} 28. Qc5 {0:09:14} 28... Rd5 {0:11:13} 29. Qc2 {0:09:13} 29... Qb6 {
0:09:27} 30. Re1 {0:09:04} 30... Rde5 {0:08:51} 31. Re3 {0:06:16} 31... Ng4 {
0:07:55} 32. Rxe4 {0:06:37} 32... Rxe4 {0:07:45} 33. Bxe4 {0:07:03} 33... Rxe4
{0:02:25} 34. Qc8+ {0:07:28} 34... Kh7 {0:02:52} 35. Qf5+ {0:07:53} 35... Qg6 {
0:03:13} 36. Qxg6+ {0:08:18} 36... Kxg6 {0:03:23} 37. f3 {0:08:42} 37... Rc4 {
0:02:35} 38. fxg4 {0:09:08} 38... Rxg4 {0:02:52} 39. Rd1 {0:08:52} 39... Re4 {
0:03:10} 40. Rd6+ {0:08:17} 40... Re6 {0:03:30} 41. Rd5 {0:08:43} 41... Kf6 {
0:01:10} 42. Rd7 {0:07:34} 42... Rc6 {0:01:02} 43. Kg2 {0:07:01} 43... Ke6 {
0:29:21} 44. Ra7 {0:37:25} 44... h5 {0:26:21} 45. h4 {0:34:59} 45... g6 {
0:25:17} 46. Rb7 {0:34:43} 46... f6 {0:24:49} 47. Kf3 {0:34:46} 47... Kf5 {
0:24:12} 48. a4 {0:34:47} 48... bxa4 {0:21:32} 49. b5 {0:35:12} 49... Rc3+ {
0:21:38} 50. Kg2 {0:35:40} 50... axb5 {0:17:31} 51. Rxb5+ {0:36:04} 51... Ke6 {
0:17:43} 52. Rb6+ {0:36:28} 52... Ke5 {0:17:59} 53. Rb5+ {0:36:52} 53... Kd6 {
0:13:23} 54. Rb6+ {0:37:10} 54... Rc6 {0:13:34} 0-1

[Event "GM-Turnier"]
[Site "Berlin"]
[Date "2009.07.08"]
[Round "6.1"]
[White "Schneider, Ilja"]
[Black "Tischbierek, Raj"]
[Result "1/2-1/2"]
[WhiteElo "2508"]
[BlackElo "2447"]
[PlyCount "53"]
[EventDate "2009.07.??"]

1. d4 {1:30:27} 1... d5 {1:25:30} 2. c4 {1:30:50} 2... c6 {1:25:53} 3. Nf3 {
1:31:06} 3... dxc4 {1:26:20} 4. e3 {1:27:53} 4... Be6 {1:26:23} 5. Nc3 {1:20:15
} 5... b5 {1:25:28} 6. a4 {1:18:52} 6... b4 {1:25:29} 7. Ne4 {1:17:59} 7... Nf6
{1:25:21} 8. Nc5 {1:04:53} 8... Bd5 {1:24:47} 9. Bd2 {1:00:07} 9... e6 {1:24:56
} 10. Bxb4 {0:59:20} 10... Nbd7 {1:24:52} 11. Rc1 {0:54:07} 11... Bxc5 {1:22:06
} 12. dxc5 {0:54:01} 12... Rb8 {1:22:22} 13. Ba3 {0:53:34} 13... Qa5+ {1:06:43}
14. Nd2 {0:53:48} 14... Nxc5 {0:30:48} 15. Bxc4 {0:54:05} 15... Bxc4 {0:29:38}
16. Bxc5 {0:54:27} 16... Bb3 {0:20:06} 17. Qf3 {0:54:44} 17... Bd5 {0:18:44}
18. b4 {0:53:08} 18... Qxc5 {0:18:37} 19. bxc5 {0:50:03} 19... Bxf3 {0:18:55}
20. Nxf3 {0:50:05} 20... Nd7 {0:15:45} 21. Nd4 {0:49:38} 21... Nxc5 {0:13:35}
22. O-O {0:48:08} 22... Nxa4 {0:12:42} 23. Nxc6 {0:46:50} 23... Ra8 {0:12:36}
24. Nxa7 {0:46:54} 24... O-O {0:12:23} 25. Rc7 {0:46:53} 25... Nc3 {0:11:51}
26. Nc6 {0:46:13} 26... Nd5 {0:11:51} 27. Ne7+ {0:45:44} 1/2-1/2

[Event "GM-Turnier"]
[Site "Berlin"]
[Date "2009.07.08"]
[Round "6.2"]
[White "Kurmann, Oliver"]
[Black "Figura, Atila Gajo"]
[Result "1/2-1/2"]
[WhiteElo "2420"]
[BlackElo "2436"]
[PlyCount "56"]
[EventDate "2009.07.??"]

1. e4 {1:20:47} 1... c5 {1:30:23} 2. Nf3 {1:21:10} 2... d6 {1:30:50} 3. c3 {
1:19:55} 3... Nf6 {1:31:12} 4. h3 {1:20:20} 4... g6 {1:27:47} 5. Bd3 {1:19:35}
5... Bg7 {1:28:08} 6. Bc2 {1:19:19} 6... e5 {1:28:28} 7. O-O {1:18:22} 7... O-O
{1:28:27} 8. Re1 {1:15:35} 8... Nc6 {1:27:48} 9. d3 {1:12:50} 9... Nh5 {1:12:22
} 10. Nbd2 {0:55:27} 10... Nf4 {1:00:55} 11. a4 {0:44:17} 11... f5 {1:00:09}
12. Nc4 {0:42:28} 12... Qf6 {0:58:11} 13. Bxf4 {0:35:37} 13... exf4 {0:58:02}
14. Bb3 {0:35:51} 14... Kh8 {0:58:21} 15. e5 {0:36:16} 15... dxe5 {0:57:46} 16.
Ncxe5 {0:34:04} 16... Nd8 {0:48:55} 17. d4 {0:30:53} 17... cxd4 {0:45:41} 18.
Nxd4 {0:31:17} 18... Nc6 {0:32:53} 19. Ndf3 {0:13:42} 19... h6 {0:31:36} 20. h4
{0:07:51} 20... Kh7 {0:31:11} 21. h5 {0:07:23} 21... g5 {0:26:37} 22. Ng6 {
0:07:48} 22... Rd8 {0:27:03} 23. Qe2 {0:07:59} 23... Bd7 {0:25:54} 24. Rad1 {
0:07:04} 24... Na5 {0:14:10} 25. Bc2 {0:03:55} 25... Nc6 {0:14:25} 26. Bb3 {
0:04:07} 26... Na5 {0:14:45} 27. Bc2 {0:04:33} 27... Nc6 {0:15:12} 28. Bb3 {
0:00:56} 28... Na5 1/2-1/2

[Event "GM-Turnier"]
[Site "Berlin"]
[Date "2009.07.08"]
[Round "6.3"]
[White "Paehtz, Elisabeth"]
[Black "Rabiega, Robert"]
[Result "1/2-1/2"]
[WhiteElo "2474"]
[BlackElo "2551"]
[PlyCount "70"]
[EventDate "2009.07.??"]

1. e4 {1:25:45} 1... e5 {1:30:25} 2. Nf3 {1:26:12} 2... Nf6 {1:30:50} 3. Nxe5 {
1:26:38} 3... d6 {1:31:15} 4. Nf3 {1:27:05} 4... Nxe4 {1:31:36} 5. Qe2 {1:27:28
} 5... Qe7 {1:31:58} 6. d3 {1:27:53} 6... Nf6 {1:32:14} 7. Bg5 {1:28:16} 7...
Nbd7 {1:32:33} 8. Nc3 {1:28:35} 8... Qxe2+ {1:32:48} 9. Bxe2 {1:29:02} 9... h6
{1:33:04} 10. Bh4 {1:29:20} 10... Be7 {1:33:12} 11. Nd2 {1:29:24} 11... Nb6 {
1:33:19} 12. Bg3 {1:29:36} 12... Bd7 {1:33:18} 13. Nde4 {1:29:51} 13... O-O-O {
1:33:30} 14. O-O-O {1:29:59} 14... Rhe8 {1:33:30} 15. Rhe1 {1:30:12} 15... d5 {
1:33:10} 16. Nxf6 {1:30:37} 16... Bxf6 {1:33:34} 17. Bf3 {1:30:26} 17... c6 {
1:33:45} 18. h4 {1:30:22} 18... Rxe1 {1:34:02} 19. Rxe1 {1:30:49} 19... Re8 {
1:34:20} 20. Rxe8+ {1:31:12} 20... Bxe8 {1:34:43} 21. Bg4+ {1:31:10} 21... Bd7
{1:35:03} 22. Bxd7+ {1:31:28} 22... Nxd7 {1:35:23} 23. Kd2 {1:31:47} 23... Be5
{1:35:28} 24. Bxe5 {1:32:15} 24... Nxe5 {1:35:50} 25. g3 {1:32:27} 25... g5 {
1:35:57} 26. hxg5 {1:32:49} 26... hxg5 {1:36:21} 27. Ne2 {1:32:43} 27... Kd7 {
1:36:44} 28. f4 {1:32:36} 28... gxf4 {1:37:04} 29. Nxf4 {1:32:28} 29... Kd6 {
1:37:20} 30. Ke3 {1:31:25} 30... Ng4+ {1:37:41} 31. Kf3 {1:31:50} 31... Nh2+ {
1:37:49} 32. Kg2 {1:32:16} 32... Ng4 {1:38:14} 33. Kf3 {1:32:42} 33... Ne5+ {
1:38:39} 34. Ke3 {1:33:07} 34... Ng4+ {1:39:02} 35. Kf3 {1:33:34} 35... Ne5+ {
1:39:21} 1/2-1/2

[Event "GM-Turnier"]
[Site "Berlin"]
[Date "2009.07.08"]
[Round "6.4"]
[White "Jemelin, Wassili"]
[Black "Lundin, Jan"]
[Result "1-0"]
[WhiteElo "2588"]
[BlackElo "2382"]
[PlyCount "71"]
[EventDate "2009.07.??"]

1. e4 {1:21:45} 1... e5 {1:30:20} 2. Nf3 {1:17:09} 2... Nc6 {1:30:42} 3. Bb5 {
1:12:41} 3... a6 {1:30:39} 4. Ba4 {1:13:06} 4... Nf6 {1:30:59} 5. O-O {1:13:31}
5... Nxe4 {1:31:19} 6. d4 {1:13:54} 6... b5 {1:31:37} 7. Bb3 {1:14:20} 7... d5
{1:31:35} 8. dxe5 {1:14:43} 8... Be6 {1:31:54} 9. Nbd2 {1:14:29} 9... Bc5 {
1:31:10} 10. c3 {0:59:16} 10... O-O {1:25:43} 11. Bc2 {0:57:12} 11... Nxf2 {
1:21:20} 12. Rxf2 {0:57:38} 12... f6 {1:21:17} 13. exf6 {0:58:00} 13... Bxf2+ {
1:21:01} 14. Kxf2 {0:58:25} 14... Qxf6 {1:21:14} 15. Nf1 {0:52:32} 15... Ne5 {
1:17:11} 16. Be3 {0:49:34} 16... Rae8 {1:14:46} 17. Bc5 {0:43:26} 17... Nxf3 {
1:11:13} 18. gxf3 {0:43:52} 18... Rf7 {1:11:14} 19. Kg1 {0:38:08} 19... d4 {
0:54:03} 20. Bxd4 {0:26:56} 20... Qg5+ {0:50:22} 21. Ng3 {0:27:08} 21... c5 {
0:41:53} 22. Bf2 {0:27:05} 22... Rd8 {0:24:19} 23. Qe1 {0:15:10} 23... Bd5 {
0:18:47} 24. Bxc5 {0:13:00} 24... h5 {0:15:19} 25. Rd1 {0:03:00} 25... h4 {
0:14:01} 26. Be3 {0:03:28} 26... Qf6 {0:05:48} 27. Be4 {0:03:28} 27... hxg3 {
0:03:09} 28. Rxd5 {0:03:08} 28... gxh2+ {0:03:33} 29. Kh1 {0:03:15} 29... Re8 {
0:03:31} 30. Qe2 {0:01:28} 30... Rxe4 {0:01:20} 31. fxe4 {0:01:47} 31... Qh4 {
0:01:41} 32. Bg5 {0:00:22} 32... Qh3 {0:00:52} 33. Rd8+ {0:00:23} 33... Kh7 {
0:01:14} 34. Rd1 {0:00:49} 34... Kg6 {0:00:33} 35. Bc1 {0:00:15} 35... Qg3 {
0:00:02} 36. Qg2 {0:00:20} 1-0

[Event "GM-Turnier"]
[Site "Berlin"]
[Date "2009.07.08"]
[Round "6.5"]
[White "Erdoes, Viktor"]
[Black "Agopov, Mikael"]
[Result "1-0"]
[WhiteElo "2565"]
[BlackElo "2442"]
[PlyCount "73"]
[EventDate "2009.07.??"]

1. d4 {1:28:34} 1... Nf6 {1:28:58} 2. c4 {1:28:57} 2... g6 {1:29:15} 3. Nc3 {
1:29:22} 3... d5 {1:29:39} 4. cxd5 {1:29:49} 4... Nxd5 {1:30:06} 5. e4 {1:30:08
} 5... Nxc3 {1:30:32} 6. bxc3 {1:30:33} 6... Bg7 {1:30:59} 7. Bg5 {1:30:56}
7... c5 {1:30:44} 8. Rc1 {1:31:15} 8... Qa5 {1:18:22} 9. Qd2 {1:30:58} 9... h6
{1:17:57} 10. Be3 {1:31:05} 10... cxd4 {1:18:19} 11. cxd4 {1:31:29} 11... Qxd2+
{1:18:45} 12. Kxd2 {1:28:31} 12... O-O {1:19:09} 13. Nf3 {1:28:37} 13... Nc6 {
1:15:52} 14. d5 {1:27:51} 14... Rd8 {1:16:16} 15. Ke1 {1:28:11} 15... Na5 {
1:16:40} 16. Bf4 {1:28:10} 16... b6 {1:14:20} 17. Bc7 {1:22:10} 17... Rf8 {
1:14:18} 18. Bb5 {1:00:25} 18... Bb7 {1:08:14} 19. Ne5 {0:45:11} 19... Rfc8 {
1:07:09} 20. Nd3 {0:35:49} 20... e6 {1:00:29} 21. d6 {0:31:17} 21... Bxe4 {
0:59:18} 22. d7 {0:29:58} 22... Rf8 {0:59:37} 23. f3 {0:29:33} 23... Bb7 {
0:53:56} 24. Nb4 {0:26:02} 24... Bf6 {0:50:49} 25. Ke2 {0:25:54} 25... Be7 {
0:46:54} 26. Nc6 {0:22:21} 26... Nxc6 {0:47:11} 27. Bxc6 {0:22:47} 27... Bxc6 {
0:47:35} 28. Rxc6 {0:23:14} 28... Kg7 {0:47:25} 29. Rd1 {0:22:53} 29... g5 {
0:44:16} 30. a4 {0:20:49} 30... Rg8 {0:37:51} 31. Kd3 {0:16:34} 31... Kf6 {
0:34:08} 32. Kc4 {0:13:42} 32... Bd8 {0:32:18} 33. Kb5 {0:11:56} 33... Bxc7 {
0:23:38} 34. Rxc7 {0:12:19} 34... Rgd8 {0:24:02} 35. Ka6 {0:10:14} 35... e5 {
0:24:27} 36. Rxa7 {0:09:14} 36... Rab8 {0:23:19} 37. Kb5 {0:07:27} 1-0

[Event "GM-Turnier"]
[Site "Berlin"]
[Date "2009.07.08"]
[Round "6.6"]
[White "Maksimenko, Andrej"]
[Black "Stern, Rene"]
[Result "1-0"]
[WhiteElo "2544"]
[BlackElo "2498"]
[PlyCount "123"]
[EventDate "2009.07.??"]

1. d4 {1:30:27} 1... Nf6 {1:30:24} 2. c4 {1:30:49} 2... e6 {1:30:48} 3. Nc3 {
1:31:06} 3... d5 {1:31:12} 4. Nf3 {1:31:20} 4... Nbd7 {1:31:33} 5. Bf4 {1:31:33
} 5... dxc4 {1:31:27} 6. e3 {1:31:54} 6... Nd5 {1:29:14} 7. Bxc4 {1:32:17} 7...
Nxf4 {1:29:40} 8. exf4 {1:32:45} 8... Nb6 {1:22:34} 9. Bb3 {1:30:44} 9... Bd6 {
1:18:50} 10. g3 {1:23:54} 10... c6 {1:12:08} 11. O-O {1:22:53} 11... Nd5 {
1:12:09} 12. Qd3 {1:23:11} 12... O-O {0:57:00} 13. Rac1 {1:21:50} 13... Re8 {
0:43:27} 14. Rfe1 {1:19:10} 14... Bf8 {0:43:06} 15. h4 {0:57:43} 15... Bd7 {
0:41:16} 16. Ne4 {0:39:29} 16... Re7 {0:24:48} 17. Nfg5 {0:31:02} 17... g6 {
0:25:06} 18. h5 {0:25:09} 18... Bg7 {0:24:54} 19. hxg6 {0:22:00} 19... hxg6 {
0:25:20} 20. Nc5 {0:17:25} 20... Be8 {0:22:57} 21. Nf3 {0:16:08} 21... b6 {
0:21:34} 22. Ne4 {0:15:39} 22... Rc8 {0:20:20} 23. Ne5 {0:12:33} 23... Rec7 {
0:18:46} 24. a3 {0:10:44} 24... Re7 {0:09:53} 25. Ba4 {0:09:39} 25... Rec7 {
0:10:17} 26. Bb3 {0:10:05} 26... Re7 {0:10:32} 27. Ba4 {0:10:10} 27... Rec7 {
0:10:58} 28. Rc2 {0:09:54} 28... Ne7 {0:08:44} 29. Rd1 {0:08:11} 29... Nf5 {
0:07:49} 30. Rcd2 {0:07:17} 30... Nd6 {0:07:25} 31. Nc3 {0:06:58} 31... Nf5 {
0:07:34} 32. Ne4 {0:07:25} 32... Nd6 {0:08:00} 33. Nc3 {0:07:50} 33... Nf5 {
0:08:24} 34. Qf3 {0:06:07} 34... Ne7 {0:07:38} 35. Bb3 {0:05:58} 35... Nd5 {
0:07:17} 36. Ne4 {0:06:09} 36... Qe7 {0:06:26} 37. Rc2 {0:03:47} 37... Qd8 {
0:06:45} 38. Rcd2 {0:04:07} 38... Qe7 {0:07:11} 39. Rc2 {0:04:15} 39... Qd8 {
0:07:37} 40. Qe2 {0:03:27} 40... Qe7 {0:04:04} 41. Ba4 {0:27:52} 41... Qd8 {
0:33:05} 42. Kg2 {0:26:36} 42... Ne7 {0:23:23} 43. Bb3 {0:26:39} 43... Nd5 {
0:22:26} 44. Rcd2 {0:25:03} 44... Qe7 {0:21:33} 45. Rc1 {0:24:55} 45... Qd8 {
0:16:53} 46. Rh1 {0:24:51} 46... Qe7 {0:15:47} 47. Rc2 {0:21:13} 47... Qd8 {
0:15:21} 48. Rhc1 {0:20:30} 48... Ne7 {0:10:40} 49. Rd2 {0:19:51} 49... Nd5 {
0:09:15} 50. Qd1 {0:18:48} 50... Qe7 {0:08:37} 51. Kg1 {0:14:56} 51... Qd8 {
0:08:20} 52. Bc4 {0:15:18} 52... Ne7 {0:05:27} 53. Ng5 {0:14:17} 53... Qd6 {
0:04:58} 54. Qg4 {0:12:57} 54... Nd5 {0:03:47} 55. Qh3 {0:10:25} 55... Re7 {
0:03:17} 56. Re1 {0:07:28} 56... Rcc7 {0:00:44} 57. Ng4 {0:06:47} 57... Kf8 {
0:00:59} 58. Nh7+ {0:02:07} 58... Kg8 {0:01:26} 59. Ng5 {0:02:35} 59... f6 {
0:01:27} 60. Qh7+ {0:01:10} 60... Kf8 {0:01:55} 61. Nh6 {0:01:14} 61... Bxh6 {
0:02:19} 62. Qh8# {0:01:21} 1-0